| 000 | 00580nam a2200205 a 4500 | ||
|---|---|---|---|
| 003 | PILC | ||
| 005 | 20160203145227.0 | ||
| 008 | 080130s19uu xx 00 eng d | ||
| 020 | _a9780073535692 | ||
| 050 |
_aBF 441 _b.R85 2008 |
||
| 100 | _aRuggiero, Vincent Ryan. | ||
| 245 |
_aBeyond feelings : _ba guide to critical thinking / _cVincent Ryan Ruggiero. |
||
| 250 | _a8th edition. | ||
| 260 |
_aU.S.A : _bMcGraw-Hill, _c2003. |
||
| 300 |
_a230 pages ; _c23 cm. |
||
| 500 | _aIncludes indexes. | ||
| 650 | _aCritical thinking. | ||
| 942 |
_cBK _2lcc _kFOR |
||
| 999 |
_c22891 _d22891 |
||